The changed life. (Record no. 12589)

000 -LEADER
fixed length control field 00540nam a2200181 a 4500
001 - CONTROL NUMBER
control field :::00010397$&:&@@
003 - CONTROL NUMBER IDENTIFIER
control field OkBaRHE
005 - DATE AND TIME OF LATEST TRANSACTION
control field 20000607103358.0
008 - FIXED-LENGTH DATA ELEMENTS--GENERAL INFORMATION
fixed length control field s1898 j 000 0 eng u
040 ## - CATALOGING SOURCE
Transcribing agency
100 1# - MAIN ENTRY--PERSONAL NAME
Personal name Drummond, Henry, 1851-1897.
245 14 - TITLE STATEMENT
Title The changed life.
260 ## - PUBLICATION, DISTRIBUTION, ETC. (IMPRINT)
Place of publication, distribution, etc Philadelphia, PA., :
Name of publisher, distributor, etc Henry Altemus Co.
Date of publication, distribution, etc c1898
300 ## - PHYSICAL DESCRIPTION
Extent 85 p. ;
Dimensions 19 cm.
650 ## - SUBJECT ADDED ENTRY--TOPICAL TERM
Topical term or geographic name as entry element Christian Life
942 ## - ADDED ENTRY ELEMENTS (KOHA)
Source of classification or shelving scheme
Koha item type Books
Copies
Permanent Location Withdrawn status Date acquired Barcode Koha item type Shelving location Damaged status Date last seen Source of classification or shelving scheme Copy number Not for loan Full call number Lost status Price effective from
RHEMA Bible Training College 2010-04-1410397BooksGeneral Stacks 2010-04-14 1 BV 4501 .D682 2010-04-14